Вып. 9; Неорганические стекла, покрытия и материалы

Podrobná bibliografie
Parent link:Неорганические стекла, покрытия и материалы: Межвузовский научный сборник/ Рижский политехнический институт. Вып. 9.— , 1975-
Další autoři: Эйдук Ю. А. Юлийс Янович (редактор)
Jazyk:ruština
Vydáno: 1989
Témata:
Médium: MixedMaterials Kniha
KOHA link:https://koha.lib.tpu.ru/cgi-bin/koha/opac-detail.pl?biblionumber=38555

MARC

LEADER 00000nam2a2200000 4500
001 38555
005 20231031010229.0
035 |a (RuTPU)RU\TPU\book\39333 
035 |a RU\TPU\book\39332 
090 |a 38555 
100 |a 20020311d1989 k y0rusy50 ca 
101 0 |a rus 
102 |a lv 
105 |a y z 001zy 
200 0 |a Вып. 9  |f Под ред. Ю. А. Эйдука 
210 |d 1989 
215 |a 213 с. 
320 |a Библиогр. в конце статей 
461 1 |0 (RuTPU)RU\TPU\book\39296  |t Неорганические стекла, покрытия и материалы  |o Межвузовский научный сборник  |f Рижский политехнический институт  |v Вып. 9  |d 1975- 
610 1 |a стекло 
610 1 |a покрытия 
610 1 |a керамика 
610 1 |a силикаты 
610 1 |a технология 
610 1 |a химическая технология 
610 1 |a вяжущие материалы 
675 |a 666  |v 3 
702 1 |a Эйдук  |b Ю. А.  |g Юлийс Янович  |4 340 
801 1 |a RU  |b 63413507  |c 20020311  |g PSBO 
801 2 |a RU  |b 63413507  |c 20161216  |g PSBO 
942 |c BK